000 01040nam a22002297a 4500
008 081223t xxu||||| |||| 00| 0 eng d
010 _aENG-92274
020 _c150.00
035 _aEN-75807
037 _bDBAD / PUB
040 _adpl
_bEnglish
082 _a347.5409
245 _aDigest of supreme court cases on the Arbitration and Conciliation Act, 1996:
_cedited by A.R. Gupta [and] Ravinder Kumar
_bupdated case citations arranged subject wise and Bare Act /
260 _aNew Delhi
_bArcher Publications
_c2006-07
270 _a138, Sector-IV, Pocket B/8, Rohini,
_bNew Delhi
_e110085
300 _a90p.
_c22cm (pbk)
610 _aIndia.
_tArbitration and Conciliation Act, 1996.
650 _aArbitration, Industrial
_zIndia
650 _a Mediation and conciliation, Industrial
_zIndia
942 _2ddc
_cEN
_mDIG
_h347.5409
999 _c20190
_d20190